000 01026nam a2200289 i 4500
001 13147
003 KOSZ 005
005 20200424120441.0
008 071020s1969 pl a f 000 0 pol
015 _aPB 1971/396
040 _aWA N
_cWA N
_dKOSZ 005/RW
080 _a621.396/.397(075)
100 1 _aGrabiański, Roman.
_eAutor
245 1 0 _aPodstawy radiotechniki i telewizji /
_cRoman Grabiański.
250 _aWyd. 3.
260 _aWarszawa :
_bPaństwowe Wydawnictwo Szkolnictwa Zawodowego,
_c1969.
300 _a589, [1] s., [2] k. tabl. :
_bil. ;
_c23 cm.
380 _aKsiążki.
504 _aBibliogr. s. 589-[590].
521 8 _aDla kl. 3 i 4 technikum elektron.
655 4 _aPodręczniki dla szkół zawodowych
650 4 _aRadiotechnika
650 4 _aTelewizja
710 2 _aPaństwowe Wydawnictwo Szkolnictwa Zawodowego
_4pbl.
856 _uhttp://koha.tu.koszalin.pl/cgi-bin/koha/opac-detail.pl?biblionumber=13147
_yKatalog online BPK
942 _2UKD
_cKS
999 _c13147
_d13147